| 000 | 00952nam a22002177a 4500 | ||
|---|---|---|---|
| 999 |
_c16754 _d16754 |
||
| 003 | AR-CdUCM | ||
| 008 | 190305b ||||| |||| 00| 0 esp d | ||
| 040 |
_aMUNICIPALIDAD PROVINCIAL DEL CUSCO _cBIBLIOTECA MUNICIPAL DEL CUSCO |
||
| 082 |
_a891.32 / _bD93 |
||
| 100 |
_aDostoyevsky, F. _936314 |
||
| 245 |
_aLos endemoniados : _bNovela / |
||
| 260 |
_aMadrid ; _bCalpe, _c1924. |
||
| 300 |
_a3 tomos ; _c16 cm. |
||
| 505 | _aContenido : t.1. En el que, y a modo de introducción, se dan algunos detalles biográficos del honorabilisimo Stepan Trofemovitch Verkhovensky -- El príncipe Harry -- La negociacion matrimonial -- Los pecados ajenos -- La coja -- La prudentisima serpiente -- t.3: El festival -- El final de una novela -- Ultima resolución... | ||
| 650 |
_aBiografía _922 |
||
| 650 |
_aLiteratura _983 |
||
| 650 |
_aSiglo XIX _9971 |
||
| 700 |
_aMeyendorff, Jorge (traductor) _936384 |
||
| 942 |
_2ddc _cLIBROS |
||
| 945 |
_arum _d2019-05-06 |
||